Biodiversidad tropical (Registro nro. 7268)
[ vista simple ]
| 000 -Cabecera | |
|---|---|
| Campo de control de longitud fija | 00649aam a2200277 4500 |
| 005 - Fecha y hora de la última transacción | |
| Campo de control | 20240605172550.0 |
| 008 - Elementos de longitud fija--Información general | |
| Campo de control de longitud fija | 151023b1998 xxu||||| |||| 00| | spa d |
| 020 ## - International Standard Book Number | |
| Número Internacional Estándar del Libro (ISBN) | 9968310131 |
| 041 ## - Idioma | |
| Código de idioma | Español |
| 082 ## - Clasificación Decimal Dewey | |
| Número de clasificación | 577 M743b |
| 100 ## - Entrada principal--Autor personal | |
| Nombre personal | Monge Nájera, Julián |
| 100 ## - Entrada principal--Autor personal | |
| Nombre personal | Gómez Figueroa, Patricia |
| 100 ## - Entrada principal--Autor personal | |
| Nombre personal | Rivas Rossi, Marta |
| 9 (RLIN) | 1517 |
| 245 ## - Título propiamente dicho | |
| Título | Biodiversidad tropical |
| 260 ## - Pie de imprenta | |
| Lugar de publicación, distribución, etc. | Costa Rica |
| 260 ## - Pie de imprenta | |
| Nombre del editor, distribuidor, etc. | EUNED |
| 260 ## - Pie de imprenta | |
| Fecha de publicación, distribución, etc. | 1998 |
| 300 ## - Descripción física | |
| Extensión | 332 páginas |
| 650 ## - Materia general | |
| Temática (materia general) | ECOLOGÍA |
| 650 ## - Materia general | |
| Temática (materia general) | BIODIVERSIDAD |
| 650 ## - Materia general | |
| Temática (materia general) | BIOLOGÍA |
| 650 ## - Materia general | |
| Temática (materia general) | ECOSISTEMAS |
| 650 ## - Materia general | |
| Temática (materia general) | GENÉTICA |
| 942 ## - Punto de acceso adicional KOHA | |
| Tipo de ítem KOHA | Libro |
| Fuente del sistema de clasificación o colocación | Dewey Decimal Classification |
| Signatura completa | Código de barras | Programa Académico | Tipo de ítem |
|---|---|---|---|
| 577 M743b | 4463 | Turismo | Libro |